| 000 | 00877nam a2200229Ia 4500 | ||
|---|---|---|---|
| 001 | 127223 | ||
| 003 | 218528 | ||
| 005 | 20241120182937.0 | ||
| 008 | ||||||n9999 ||| || || | ||
| 082 | _a309.26 | ||
| 100 |
_aPiñeros, William _9153130 |
||
| 245 | 0 |
_aSeguridad humana y desarrollo regional en Bogotá Cundinamarca _cdirección y edición general Claudia Hoshino ; coordinación del proyecto y elaboración de textos William Piñeros, Andrea Lampis |
|
| 562 | _e1 | ||
| 650 |
_aCUNDINAMARCA (COLOMBIA)--CONDICIONES SOCIALES _9153131 |
||
| 650 |
_aDESARROLLO REGIONAL--CUNDINAMARCA (COLOMBIA) _9153132 |
||
| 650 |
_aDESARROLLO SOCIAL--CUNDINAMARCA (COLOMBIA) _9153133 |
||
| 650 | 0 |
_aMigración interna _92548 |
|
| 650 |
_aPLANIFICACIÓN REGIONAL--CUNDINAMARCA (COLOMBIA) _9153135 |
||
| 651 | 0 |
_aBogotá (Colombia) _920469 |
|
| 942 | _cBKM | ||
| 999 |
_c127223 _d127223 |
||
| 526 | _a10406 | ||